Les hérauts de la Résistance catholique : Quatre-vingts ans après la Lettre de Mgr Saliège (notice n° 1662452)

détails MARC
000 -LEADER
fixed length control field 01913cam a2200145 4500500
005 - DATE AND TIME OF LATEST TRANSACTION
control field 20260222000045.0
041 ## - LANGUAGE CODE
Language code of text/sound track or separate title fre
042 ## - AUTHENTICATION CODE
Authentication code dc
100 10 - MAIN ENTRY--PERSONAL NAME
Personal name Lugassy, Maurice
Relator term author
245 00 - TITLE STATEMENT
Title Les hérauts de la Résistance catholique : Quatre-vingts ans après la Lettre de Mgr Saliège
260 ## - PUBLICATION, DISTRIBUTION, ETC.
Name of publisher, distributor, etc. Éditions du Cerf,<br/>
Date of publication, distribution, etc. 2024.<br/>
520 ## - SUMMARY, ETC.
Summary, etc. En 1942, personne ne s’est opposé à la déportation des Juifs par les Allemands et leurs collaborateurs français. Personne, sauf six évêques, qui ont protesté publiquement, par des déclarations solennelles publiées dans la presse religieuse. « Les Juifs sont des hommes, les Juives sont des femmes… » Le cri d’alarme de ces personnalités publiques a sauvé l’honneur de l’Église et l’honneur de la France. Ces évêques sont devenus des symboles pour un très vaste mouvement : la Résistance catholique. Certains ont soutenu la création d’authentiques réseaux. À Toulouse et Montauban, véritables « diocèses résistants », s’est constitué un foyer original de combat contre le gouvernement illégitime de Vichy et l’horreur antisémite, en lien avec la France libre et les grands mouvements clandestins. Clergé et fi dèles se sont impliqués dans des actions héroïques. Plusieurs seront faits Compagnons de la Libération et Justes parmi les Nations. Ce livre présente la biographie de guerre de ces porteparole de la Résistance catholique : Jules Saliège, Pierre-Marie Théas, René de Naurois, Bruno de Solages, Denise Bergon, Marie-Rose Gineste, Roger Braun. L’ouvrage rassemble les actes du colloque « Croire et agir : la Résistance catholique dans le Midi toulousain », qui s’est tenu à Toulouse le 24 novembre 2022.
700 10 - ADDED ENTRY--PERSONAL NAME
Personal name Serrurier, Enguerrand
Relator term author
856 41 - ELECTRONIC LOCATION AND ACCESS
Uniform Resource Identifier <a href="https://shs.cairn.info/les-herauts-de-la-resistance-catholique--9782204158367?lang=fr&redirect-ssocas=7080">https://shs.cairn.info/les-herauts-de-la-resistance-catholique--9782204158367?lang=fr&redirect-ssocas=7080</a>

Pas d'exemplaire disponible.

PLUDOC

PLUDOC est la plateforme unique et centralisée de gestion des bibliothèques physiques et numériques de Guinée administré par le CEDUST. Elle est la plus grande base de données de ressources documentaires pour les Étudiants, Enseignants chercheurs et Chercheurs de Guinée.

Adresse

627 919 101/664 919 101

25 boulevard du commerce
Kaloum, Conakry, Guinée

Réseaux sociaux

Powered by Netsen Group @ 2025